[Event "Manizales op 20th"]
[Site "Manizales"]
[Date "2008.01.13"]
[Round "6"]
[White "Yepes, Rodrigo"]
[Black "Zuluaga, Nicolas"]
[Result "1/2-1/2"]
[WhiteElo "1882"]
[BlackElo "1611"]
[PlyCount "23"]
[EventDate "2008.01.10"]
[EventType "swiss"]
[EventRounds "7"]
[EventCountry "COL"]
[SourceTitle "EXT 2010"]
[Source "ChessBase"]
[SourceDate "2010.11.25"]
[SourceVersion "1"]
[SourceVersionDate "2010.11.25"]
[SourceQuality "1"]

1. e4 c5 2. Nf3 Nc6 3. d4 cxd4 4. Nxd4 e5 5. Nb5 d6 6. N1c3 a6 7. Na3 Be6 8. Nd5 Nf6 9. Bg5 Qa5+ 10. Bd2 Qd8 11. Bg5 Qa5+ 12. Bd2 1/2-1/2

[Event "Manizales op 20th"]
[Site "Manizales"]
[Date "2008.01.11"]
[Round "3"]
[White "Rios, Cristhian Camilo"]
[Black "Yepes, Rodrigo"]
[Result "1-0"]
[WhiteElo "2088"]
[BlackElo "1882"]
[PlyCount "31"]
[EventDate "2008.01.10"]
[EventType "swiss"]
[EventRounds "7"]
[EventCountry "COL"]
[SourceTitle "EXT 2010"]
[Source "ChessBase"]
[SourceDate "2010.11.25"]
[SourceVersion "1"]
[SourceVersionDate "2010.11.25"]
[SourceQuality "1"]

1. d4 Nf6 2. c4 e6 3. Nc3 d5 4. Bg5 Be7 5. Nf3 Nbd7 6. e3 c6 7. Qc2 Qc7 8. cxd5 exd5 9. Bd3 a6 10. 0-0 0-0 11. Bxh7+ Kh8 12. Bf5 Re8 13. Bxd7 Qxd7 14. Ne5 Qf5 15. Qxf5 Bxf5 16. Nxf7+ 1-0

[Event "Manizales op 20th"]
[Site "Manizales"]
[Date "2008.01.10"]
[Round "1"]
[White "Ballesteros, Andres Felipe"]
[Black "Yepes, Rodrigo"]
[Result "0-1"]
[WhiteElo "1600"]
[BlackElo "1882"]
[PlyCount "20"]
[EventDate "2008.01.10"]
[EventType "swiss"]
[EventRounds "7"]
[EventCountry "COL"]
[SourceTitle "EXT 2010"]
[Source "ChessBase"]
[SourceDate "2010.11.25"]
[SourceVersion "1"]
[SourceVersionDate "2010.11.25"]
[SourceQuality "1"]

1. d4 Nf6 2. Nc3 d5 3. e3 c5 4. f3 Nc6 5. Bd2 cxd4 6. exd4 Nxd4 7. Be3 Nc6 8. Bb5 e6 9. f4 Be7 10. Nf3 h6 0-1